000 00908nam a22002297a 4500
005 20240530110507.0
008 151013s2009 ua g b 000 0 ara d
017 _a2009/1745
_bمصر . دار الكتب المصرية
020 _a9773222551
040 _aEG-CaGPL
082 0 4 _221
_a418\
_bإ ح
100 0 _aابراهيم خليفة شعلان
245 1 0 _aحياة الكلمات /
_cتاليف ابراهيم خليفة شعلان
250 _aط1
260 _aالقاهرة :
_bعين للدراسات و البحوث الانسانية و الاجتماعية ،
_c2009 .
300 _a138 ص ؛
_c24 سم .
504 _aيشتمل على ارجاعات ببليوجرافية
650 0 4 _aاللغة العربية
_xالفاظ
650 0 4 _aاللغة العربية
_xقواعد الاملاء و الهجاء
942 _2ddc
_cBK
999 _c61597
_d61597